000 00666 a2200181 4500
999 _c8543
_d8543
020 _a9150610074
050 0 0 _a REFDT2906 PIK 1993
100 1 _aPikirayi, Innocent.
245 1 4 _aThe archaeological identity of the Mutapa State :
_btowards an historical archaeology of northern Zimbabwe /
_cby Innocent Pikirayi.
264 _aUppsala:
_bSocietas Archaeologica Upsaliensis,
_c1993
300 _a200 p. :
_bill. ;
440 0 _aStudies in African archaeology,
500 _aAbstract ([1] leaf) inserted.
504 _aIncludes bibliographical references (p. 193-200).
650 0 _aArchaeological surveying
651 0 _aZimbabwe
942 _2lcc
_cBK
_h2906
_iPIK
_kREF